000 01014nam a22003137i 4500
003 EG-GICUC
005 20260121101659.0
008 260107s1906 uk ||||fr|||| 001 0 eng d
040 _aEG-GiCUC
_beng
_cEG-GiCUC
_dEG-GiCUC
_erda
041 _aeng
082 0 4 _221
_a341.33
_bHE . D
092 0 4 _221
099 _aLaw1 11 341.33 HE . D 1919
100 1 _aHershey, Amos S.,
_eAuthor.
245 1 0 _aDiplomacy And The Study Of International Relations /
_cBy D. P. Heatley.
264 1 _aOxford :
_bClarendon Press,
_c1919.
300 _axvi, 292 pages ;
_c24 cm.
336 _2rda content
_atext
337 _2rda media
_aComputer
338 _2rda carrier
_aOnline Resource
504 _aIncludes bibliographical references and index
546 _aText in English
650 1 4 _aDiplomacy
_xPublic international law
650 1 4 _aInternational relations
_xStudy and teaching
651 1 _2qrmak
856 4 0 _uhttps://fll.law.cu.edu.eg/fulltext/bks/B11-06839.pdf
905 _a75
942 _2ddc
_cBK
_e21
_n0
999 _c55307
_d55307